| 000 | 01545nam a2200277Ia 4500 | ||
|---|---|---|---|
| 003 | OSt | ||
| 005 | 20210127170524.0 | ||
| 008 | 191128s1982 mx gr 000 0dspa d | ||
| 020 | _a9789681606091 | ||
| 040 |
_aCO-JMCR _cCO-JMCR |
||
| 041 | 0 | _aspa | |
| 082 | 0 | 4 |
_a320.5 / _bM764i _223 |
| 100 | 1 |
_aMontenegro, Walter, _eautor _92086 |
|
| 245 | 1 | 0 |
_aIntroducción a las doctrinas político-económicas / _cWalter Montenegro |
| 250 | _aTercera edición | ||
| 260 |
_aMéxico : _bFondo de Cultura Económica, _c1982 |
||
| 300 |
_a327 páginas ; _c17 cm. |
||
| 490 | 0 |
_aBreviarios ; _v122 |
|
| 500 | _aIncluye datos biográficos del autor. | ||
| 505 | 0 | _aEl fenómeno político -- Liberalismo -- Democracia -- Socialismo utópico -- Socialismo cristiano -- Democracia cristiana -- Cooperativismo -- Marxismo -- Comunismo -- Socialismo reformista -- Anarquismo -- Fascismo -- Nazismo | |
| 520 | 3 | _aEsta obra basada en un curso impartido por el autor en la Escuela de Servicio Social de La Paz, Bolivia pone al alcance de los no iniciados las bases de los sistemas políticos de nuestro tiempo. De un simple cambio en el hincapié que haga en cualquiera de los términos de la ecuación individuo-comunidad-Estado, afirma el profesor Montenegro, surgen los diversos caminos del pensamiento político, liberalismo o estatismo, en cualquiera de sus manifestaciones y puntos intermedios. | |
| 650 | 1 | 4 |
_aCiencia política _xteorías _92087 |
| 650 | 1 | 4 |
_aTeoría económica _91066 |
| 650 | 1 | 4 |
_aEconomía política _91838 |
| 942 |
_2ddc _cBK |
||
| 999 |
_c5137 _d5137 |
||